Statistiques concernant Petit bac Harry Potter - F

Cliquez ici pour prendre le quiz!

Statistiques générales

  • Ce quiz a été pris 666 fois
  • Le résultat moyen est 4 sur 7

Statistiques - réponses

ThèmeMot% Correct
PersonnageFilius Flitwick / Seamus Finnigan / Fumseck / Arabella Figg / Justin Finch-Fletchley / Firenze / Mondingus Fletcher / Nicolas Flamel / Cornelius Fudge / Marcus Flint / Fridluva / Florian Fortarôme
93%
LangueFourchelang
87%
LieuFleury et Bott / Forêt interdite / Flyte et Barker
56%
Potion / Ingrédient de potionsFelix Felicis / Foie de dragon
52%
SortilègeFeudeymon / Failamalle / Ferula / Fianto Duri / Finite / Finite Incantatem / Flambios / Flipendo / Furunculus
41%
CréatureFantôme / Farfadet / Fée / Fléreur / Focifère / Fangieux
39%
Moyen de transportFord Anglia d'Arthur Weasley
20%

Distribution des résultats

Percentile par nombre de réponses

% des personnes avec chaque résultat

Votre développement - résultats

Vous n’avez pas pris ce quiz